000
00201nam a22000857a 4500
008
160706b xxu||||| |||| 00| 0 eng d
100
_9
2390
_a
Dhingra
245
_a
Nursery Rhymes
260
_a
Delhi
_b
Dhingra
999
_c
2066
_d
2066